000
00285nam a22001337a 4500
008
181015b xxu||||| |||| 00| 0 eng d
020
_a
9780815166214
041
_a
eng
080
_a
616
100
_a
9
101
_a
PATF
245
_a
Pathophysiology
_c
Price, S.A
942
_2
udc
_c
BK
999
_c
49736
_d
49736